Sarkar's Law of evidence (India, Pakistan, Burma & Ceylon) / (Record no. 85890)
[ view plain ]
| 000 -LEADER | |
|---|---|
| fixed length control field | 01261nam a2200349 a 4500 |
| 001 - CONTROL NUMBER | |
| control field | 85890 |
| 003 - CONTROL NUMBER IDENTIFIER | |
| rucl marc code | BD-RjUL |
| 005 - DATE AND TIME OF LATEST TRANSACTION | |
| control field | 20251027121540.0 |
| 008 - FIXED-LENGTH DATA ELEMENTS--GENERAL INFORMATION | |
| fixed length control field | 251027s1971 ii c 000 0 eng |
| 035 ## - SYSTEM CONTROL NUMBER | |
| System control number | (BD-RjUL)85890 |
| 040 ## - CATALOGING SOURCE | |
| Original cataloging agency | DLC |
| Transcribing agency | DLC |
| Modifying agency | DLC |
| -- | BD-RjUL |
| Language of cataloging | eng |
| 041 ## - LANGUAGE CODE | |
| Language code of text/sound track or separate title | eng |
| 082 ## - DEWEY DECIMAL CLASSIFICATION NUMBER | |
| Edition number | 23 |
| Classification number | 347.5406 |
| Author mark and year | SAS 1971 |
| 110 1# - MAIN ENTRY--CORPORATE NAME | |
| Corporate name or jurisdiction name as entry element | India (Republic) |
| Form subheading | Laws, statutes, etc. |
| 9 (RLIN) | 17238 |
| 245 10 - TITLE STATEMENT | |
| Title | Sarkar's Law of evidence (India, Pakistan, Burma & Ceylon) / |
| Statement of responsibility, etc. | India (Republic) Laws, statutes ; S. C. Sarkar ed., Prabhas Chandra Sarkar, ed. |
| 246 ## - VARYING FORM OF TITLE | |
| Title proper/short title | Law of evidence |
| 250 ## - EDITION STATEMENT | |
| Edition statement | 12th ed., |
| Remainder of edition statement | by Prabhas C. Sarkar and Sudipto Sarkar. |
| 260 ## - PUBLICATION, DISTRIBUTION, ETC. (IMPRINT) | |
| Place of publication, distribution, etc. | Calcutta : |
| Name of publisher, distributor, etc. | S. C. Sarkar, |
| Date of publication, distribution, etc. | 1971 |
| 300 ## - PHYSICAL DESCRIPTION | |
| Pagination | 1477 p.; |
| Size | 25 cm. |
| 336 ## - CONTENT TYPE | |
| Content type term | text |
| Content type code | txt |
| Source | rdacontent |
| 337 ## - MEDIA TYPE | |
| Media type term | unmediated |
| Media type code | n |
| Source | rdamedia |
| 338 ## - CARRIER TYPE | |
| Carrier type term | volume |
| Carrier type code | nc |
| Source | rdacarrier |
| 500 ## - GENERAL NOTE | |
| General note | Running title: The evidence act. |
| 650 #0 - SUBJECT ADDED ENTRY--TOPICAL TERM | |
| Topical term or geographic name as entry element | Evidence (Law) |
| Geographic subdivision | India. |
| 9 (RLIN) | 2838 |
| Topical term or geographic name as entry element | Evidence (Law) |
| Geographic subdivision | Pakistan. |
| 9 (RLIN) | 17239 |
| Topical term or geographic name as entry element | Evidence (Law) |
| Geographic subdivision | Burma. |
| 9 (RLIN) | 17240 |
| Topical term or geographic name as entry element | Evidence (Law) |
| Geographic subdivision | Sri Lanka. |
| 9 (RLIN) | 17241 |
| 700 1# - ADDED ENTRY--PERSONAL NAME | |
| Personal name | Sarkar, S. C. |
| Fuller form of name | (Subodh Chandra), |
| Dates associated with a name | 1886-1966, |
| Relator term | ed. |
| Personal name | Sarkar, Prabhas Chandra, |
| Relator term | ed. |
| Personal name | Sarkar, Sudipto, |
| Relator term | ed. |
| 942 ## - ADDED ENTRY ELEMENTS (KOHA) | |
| Source of classification or shelving scheme | Dewey Decimal Classification |
| Koha item type | Books |
| Lost status | Source of classification or shelving scheme | Damaged status | Not for loan | Collection code | Permanent Location | Current Location | Shelving location | Date acquired | Source of acquisition | Cost, normal purchase price | Total Checkouts | Full call number | Date last seen | Copy number | Koha item type |
|---|---|---|---|---|---|---|---|---|---|---|---|---|---|---|---|
| Dewey Decimal Classification | Not For Loan | Non-fiction | Central Library, University of Rajshahi | Central Library, University of Rajshahi | Reading Room | 30/01/1974 | Dacca : Warsi Book Corp | 87.00 | 347.5406 SAS 1971 | 27/10/2025 | C-1 | Books |